000 00777nam a22001817a 4500
999 _c145194
_d145194
005 20210901114613.0
010 _a1718EN-30 B-688003-012 ENG-129808
020 _a9788184959895
_c250.00
035 _aB-688003-012 EN-113340
037 _bAKPD
_adpl
100 _aSharma, Robin
_d158.1
245 _aLittle black book for stunning success :
_cby Robin Sharma
_bTools for action mastery /
260 _aMumbai
_bJaico Pub.
_c2017
270 _aA-2 Jash Chambers, 7-A Sir Phirozshah Mehta Raod,
_bMumbai
_e400001
300 _a279p.
_c19cm(pbk)
942 _2ddc
_cEN
_mSHA
_h158.1